| 000 | 00507nam a2200205Ia 4500 | ||
|---|---|---|---|
| 003 | BUBTL | ||
| 008 | 151213s9999 xx 000 0 und d | ||
| 020 | _a1-85573977-1 | ||
| 082 | _a677LOS | ||
| 100 |
_aLord,P.R. _91075 |
||
| 245 | _aSpinning | ||
| 260 |
_aEngland _bWoodhead Publication Ltd. _cc2004 |
||
| 300 |
_a288p. _bills. _c21cm. |
||
| 650 | _aTextiles | ||
| 650 | _aTextiles | ||
| 700 |
_aLord,P.R. _91076 |
||
| 856 |
_k0 _l0 _yDownload |
||
| 942 |
_2ddc _cBK |
||
| 999 |
_c3937 _d3937 |
||